|
|
|
|
| LEADER |
00936cam a2200253 7i4500 |
| 001 |
0000065697 |
| 005 |
20220117090000.0 |
| 020 |
|
|
|a 9780128164402
|
| 090 |
0 |
0 |
|a T353
|b .G56 2019
|
| 100 |
1 |
|
|a Gindis, Elliot
|
| 245 |
1 |
0 |
|a Up and running with AutoCAD 2019 :
|b 2D drafting and design
|c Elliot J. Gindis and Robert C. Kaebisch.
|
| 250 |
|
|
|a 10th anniversary edition.
|
| 264 |
|
|
|a London:
|b Elsevier/Academic Press,
|c 2019.
|
| 300 |
|
|
|a 1 online resource (xvii, 596 pages:
|b illustrations, text file, PDF.
|
| 336 |
|
|
|a text
|2 rdacontent
|
| 337 |
|
|
|a computer
|2 rdamedia
|
| 338 |
|
|
|a online resource
|2 rdacarrier
|
| 650 |
0 |
0 |
|a AutoCAD
|
| 650 |
0 |
0 |
|a Computer graphics
|
| 655 |
0 |
0 |
|a Electronic books
|
| 700 |
1 |
|
|a Kaebisch, Robert C.
|
| 856 |
4 |
2 |
|u http://library.unisel.edu.my/web/guest/mylibrary
|
| 997 |
|
|
|a Communication, Visual Art & Computing, Faculty
|b Computing, Department
|
| 999 |
|
|
|a EBO0010411
|b EBOOK
|c EBOOK
|e Electronic resources
|